Landkreise und kreisfreie Städte in Brandenburg - Statistiken

Allgemein
  • Dieses Quiz wurde 3.616 mal gespielt
  • Das Durchschnittsergebnis liegt bei 11 aus 18
Antworten auf der Karte
Die Antworten werden auf der Karte rot bzw. grün angezeigt, abhängig davon wie oft sie richtig erraten wurden.
 
Antwortstatistiken
Landkreis % Korrekt
Potsdam
97%
Potsdam Mittelmark
95%
Cottbus
88%
Brandenburg an der Havel
84%
Frankfurt (Oder)
81%
Havelland
61%
Uckermark
60%
Teltow-Fläming
54%
Oberspreewald-Lausitz
52%
Oder-Spree
51%
Ostprignitz-Ruppin
50%
Oberhavel
48%
Prignitz
48%
Barnim
47%
Elbe-Elster
45%
Spree-Neiße
44%
Dahme-Spreewald
41%
Märkisch-Oderland
39%
Keine übereinstimmenden Quizze gefunden
Verteilung der Resultate
Anzahl Personen mit jedem Resultat
Perzentil nach korrekt beantworteten Fragen
Ihre Resultats-Entwicklung
Sie haben dieses Quiz noch nicht gespielt